|
|
|
|
| LEADER |
00000nab a2200000 a 4500 |
| 001 |
vtls000002553 |
| 003 |
SK-MaSNL |
| 005 |
20260305021659.0 |
| 008 |
250423c1978 xo 0 slo |
| 015 |
|
|
|a SNBRB19rr/mm-uuuuu
|
| 035 |
|
|
|a CL0012645
|
| 035 |
|
|
|a (urnnbn)urn:nbn:sk:snk:ar-003y10
|
| 035 |
|
|
|a (uuid)c6cfeb87-e5c5-4a06-aac7-e2ffa5caa695
|
| 035 |
|
|
|a urn:nbn:sk:snk-ab7u1q
|
| 040 |
|
|
|a SNKBUCL
|b slo
|c SNKBUCL
|e AACR2
|
| 041 |
0 |
|
|a slo
|
| 044 |
|
|
|a xo
|c SK
|
| 080 |
|
|
|a 943.7
|2 1981
|
| 080 |
|
|
|a 930
|2 1981
|
| 100 |
1 |
|
|a Kamenec, Ivan,
|d 1938-
|4 aut
|9 102304
|
| 245 |
1 |
0 |
|a Vedecká konferencia Veľký Október a Československo
|c I. Kamenec
|
| 650 |
0 |
7 |
|a októbrová revolúcia (1917 : Rusko)
|2 snkbucl
|9 164524
|
| 650 |
0 |
7 |
|a ČSSR
|2 snkbucl
|9 335647
|
| 650 |
0 |
7 |
|a historici
|2 snkbucl
|9 54543
|
| 655 |
|
7 |
|a články z novín a časopisov
|2 snkbucl
|9 267496
|
| 773 |
0 |
|
|t Historický časopis
|g Roč. 26, č. 2 (1978), s. 334-335
|
| 850 |
|
|
|a Slovenská národná knižnica
|
| 852 |
|
|
|a Slovenská národná knižnica
|
| 954 |
|
|
|a odborná, vedecká literatúra pôvodná (slovenská)
|2 lita
|
| 957 |
|
|
|a 3100
|
| 958 |
|
|
|a article9
|
| 958 |
|
|
|a OND
|
| 958 |
|
|
|a RK
|
| 958 |
|
|
|a EUIPO
|
| 992 |
|
|
|a RBX
|
| 999 |
|
|
|c 3287535
|d 3289465
|